[Event "Cattolica Vergani Cup"]
[Site "Cattolica"]
[Date "2021.12.29"]
[Round "6"]
[White "Migliorini, Matteo"]
[Black "Krasteva, Beloslava"]
[Result "0-1"]
[WhiteElo "2108"]
[BlackElo "2194"]
[PlyCount "100"]
[EventDate "2021.12.26"]
[EventType "swiss"]
[EventRounds "9"]
[EventCountry "ITA"]
[SourceTitle "EXT 2023"]
[Source "ChessBase"]
[SourceDate "2022.10.05"]
[SourceVersion "1"]
[SourceVersionDate "2022.10.05"]
[SourceQuality "1"]

1. e4 c5 2. d4 cxd4 3. c3 dxc3 4. Nxc3 e6 5. Nf3 a6 6. Bc4 b5 7. Bb3 Bb7 8. 0-0 Nc6 9. Be3 Nge7 10. Nd5 exd5 11. exd5 Na5 12. d6 Nxb3 13. axb3 f6 14. Re1 Kf7 15. dxe7 Bxe7 16. Nd4 g6 17. Qg4 h5 18. Qh3 Bd5 19. Bf4 Bc5 20. Rad1 Re8 21. Nf5 Rxe1+ 22. Rxe1 Be6 23. Qc3 Bxf2+ 24. Kxf2 Bxf5 25. Bd6 Rc8 26. Qe3 Be6 27. b4 Rc2+ 28. Re2 Rc4 29. Qh6 Qg8 30. Kg1 Rc6 31. Bc5 d6 32. Bd4 Bf5 33. Qe3 Rc7 34. Bc3 Qd8 35. Qd4 d5 36. Qb6 Rd7 37. Qxa6 d4 38. Bd2 Qb8 39. Qc6 d3 40. Rf2 Rd6 41. Qc5 Re6 42. Bc3 Qb7 43. Qd4 Qc6 44. Qf4 Qd7 45. Qh6 Kg8 46. h3 Qc7 47. g4 Re2 48. Rxe2 dxe2 49. Qe3 hxg4 50. Bxf6 Qb6 0-1

[Event "Cattolica Vergani Cup"]
[Site "Cattolica"]
[Date "2021.12.27"]
[Round "2"]
[White "Palchuk, Andrii"]
[Black "Migliorini, Matteo"]
[Result "1/2-1/2"]
[WhiteElo "2242"]
[BlackElo "2108"]
[PlyCount "63"]
[EventDate "2021.12.26"]
[EventType "swiss"]
[EventRounds "9"]
[EventCountry "ITA"]
[SourceTitle "EXT 2023"]
[Source "ChessBase"]
[SourceDate "2022.10.05"]
[SourceVersion "1"]
[SourceVersionDate "2022.10.05"]
[SourceQuality "1"]

1. e4 c5 2. Nf3 d6 3. c3 Nf6 4. h3 g6 5. Bd3 Bg7 6. Bc2 Nc6 7. 0-0 0-0 8. d4 cxd4 9. cxd4 d5 10. e5 Nd7 11. Nc3 Nb6 12. Re1 f6 13. Bf4 fxe5 14. Bxe5 Nxe5 15. Nxe5 Nc4 16. Qe2 Nxe5 17. dxe5 e6 18. Rad1 Qb6 19. Na4 Qc6 20. Nc3 Bd7 21. h4 Qc5 22. Ne4 dxe4 23. Rxd7 Bxe5 24. Bxe4 Rxf2 25. Qxf2 Bh2+ 26. Kf1 Rf8 27. Bf3 Qb5+ 28. Re2 Qxd7 29. g3 Qd3 30. Kg2 Bg1 31. Qf1 Bb6 32. Re1 1/2-1/2

[Event "Lignano Sabbiadoro op 6th"]
[Site "Lignano Sabbiadoro"]
[Date "2020.08.07"]
[Round "8"]
[White "Olivetti, Davide"]
[Black "Migliorini, Matteo"]
[Result "0-1"]
[WhiteElo "2221"]
[BlackElo "2098"]
[PlyCount "46"]
[EventDate "2020.08.01"]
[EventType "swiss"]
[EventRounds "9"]
[EventCountry "ITA"]
[SourceTitle "EXT 2021"]
[Source "ChessBase"]
[SourceDate "2020.10.23"]
[SourceVersion "1"]
[SourceVersionDate "2020.10.23"]
[SourceQuality "1"]

1. e4 c5 2. Nf3 d6 3. d4 cxd4 4. Nxd4 Nf6 5. Nc3 g6 6. Be3 Bg7 7. f3 0-0 8. Bc4 Nc6 9. Bb3 Bd7 10. h4 Qa5 11. h5 Nxh5 12. g4 Nxd4 13. gxh5 Nb5 14. hxg6 hxg6 15. Qd2 Nxc3 16. Qh2 Nxe4+ 17. c3 Nf6 18. 0-0-0 Rfc8 19. Rd5 Rc5 20. Bxc5 Nxd5 21. Qh7+ Kf8 22. Bd4 e5 23. Bf2 Rc8 0-1

[Event "Lignano Sabbiadoro op 6th"]
[Site "Lignano Sabbiadoro"]
[Date "2020.08.06"]
[Round "7"]
[White "Migliorini, Matteo"]
[Black "Paduano, Claudio"]
[Result "0-1"]
[WhiteElo "2098"]
[BlackElo "2114"]
[PlyCount "46"]
[EventDate "2020.08.01"]
[EventType "swiss"]
[EventRounds "9"]
[EventCountry "ITA"]
[SourceTitle "EXT 2021"]
[Source "ChessBase"]
[SourceDate "2020.10.23"]
[SourceVersion "1"]
[SourceVersionDate "2020.10.23"]
[SourceQuality "1"]

1. e4 c5 2. d4 cxd4 3. c3 Nf6 4. e5 Nd5 5. Nf3 e6 6. cxd4 d6 7. Bc4 Nc6 8. 0-0 Be7 9. Qe2 0-0 10. Nc3 dxe5 11. dxe5 Nxc3 12. bxc3 Qa5 13. Qe4 Rd8 14. Re1 Qxc3 15. Bg5 h6 16. Bxe7 Nxe7 17. Red1 Bd7 18. Rdc1 Bc6 19. Qh4 Qa3 20. Rd1 Rxd1+ 21. Rxd1 Nf5 22. Qg4 Qa4 23. Rc1 b5 0-1

[Event "Lignano Sabbiadoro op 6th"]
[Site "Lignano Sabbiadoro"]
[Date "2020.08.05"]
[Round "6"]
[White "Migliorini, Matteo"]
[Black "Seres, Bela"]
[Result "1/2-1/2"]
[WhiteElo "2098"]
[BlackElo "2190"]
[PlyCount "32"]
[EventDate "2020.08.01"]
[EventType "swiss"]
[EventRounds "9"]
[EventCountry "ITA"]
[SourceTitle "EXT 2021"]
[Source "ChessBase"]
[SourceDate "2020.10.23"]
[SourceVersion "1"]
[SourceVersionDate "2020.10.23"]
[SourceQuality "1"]

1. e4 e5 2. Nf3 Nc6 3. Bb5 a6 4. Ba4 Nf6 5. 0-0 b5 6. Bb3 d6 7. Ng5 d5 8. exd5 Nd4 9. Nc3 h6 10. Nge4 Nxe4 11. Nxe4 Nxb3 12. axb3 Qxd5 13. Nc3 Qc6 14. d4 exd4 15. Qxd4 Bb7 16. Re1+ Be7 1/2-1/2

[Event "Lignano Sabbiadoro op 6th"]
[Site "Lignano Sabbiadoro"]
[Date "2020.08.03"]
[Round "3"]
[White "Siclari, Giovanni"]
[Black "Migliorini, Matteo"]
[Result "0-1"]
[WhiteElo "2247"]
[BlackElo "2098"]
[PlyCount "44"]
[EventDate "2020.08.01"]
[EventType "swiss"]
[EventRounds "9"]
[EventCountry "ITA"]
[SourceTitle "EXT 2021"]
[Source "ChessBase"]
[SourceDate "2020.10.23"]
[SourceVersion "1"]
[SourceVersionDate "2020.10.23"]
[SourceQuality "1"]

1. Nf3 c5 2. c4 Nc6 3. d4 cxd4 4. Nxd4 e5 5. Nc2 Nf6 6. Nc3 Bc5 7. Be3 Qb6 8. Bxc5 Qxc5 9. e3 0-0 10. a3 e4 11. Nd5 Nxd5 12. Qxd5 d6 13. 0-0-0 Bg4 14. Qxc5 dxc5 15. Rd5 b6 16. Kd2 Be6 17. Rd6 Rfd8 18. Rxd8+ Rxd8+ 19. Kc1 Bg4 20. f3 exf3 21. h3 Rd1+ 22. Kxd1 fxg2+ 0-1

[Event "Arco Christmas op 10th"]
[Site "Arco"]
[Date "2019.12.27"]
[Round "3"]
[White "Migliorini, Matteo"]
[Black "De Santis, Alessio"]
[Result "0-1"]
[WhiteElo "2085"]
[BlackElo "2190"]
[PlyCount "92"]
[EventDate "2019.12.26"]
[EventType "swiss"]
[EventRounds "7"]
[EventCountry "ITA"]
[SourceTitle "CBM 194 Extra"]
[Source "ChessBase"]
[SourceDate "2020.03.31"]
[SourceVersion "1"]
[SourceVersionDate "2020.03.31"]
[SourceQuality "1"]

1. e4 b6 2. d4 Bb7 3. Nc3 e6 4. Nf3 Nf6 5. e5 Ne4 6. Nxe4 Bxe4 7. Bd3 Bxd3 8. Qxd3 Be7 9. c4 d5 10. exd6 cxd6 11. d5 e5 12. h4 Qc8 13. Bg5 f6 14. Be3 Qg4 15. 0-0-0 Nd7 16. Rh3 Rc8 17. b3 Qg6 18. Qxg6+ hxg6 19. Kb1 f5 20. Bg5 Bf6 21. Bxf6 gxf6 22. Nd2 Kf7 23. b4 e4 24. Kb2 Ne5 25. Kb3 Nd3 26. Rf1 Nf4 27. Rh2 Nd3 28. g3 Ne5 29. Re1 g5 30. Re2 Rh7 31. h5 Rch8 32. Kc3 Rxh5 33. Rxh5 Rxh5 34. Nf1 Kg6 35. Ne3 Rh8 36. Kb3 f4 37. gxf4 gxf4 38. Nc2 f5 39. Nd4 Rh3+ 40. Ka4 Nxc4 41. Ne6 Ra3+ 42. Kb5 a6+ 43. Kc6 f3 44. Rc2 b5 45. Kd7 Kf6 46. Nd4 Rd3 0-1

[Event "Lignano Sabbiadoro op 5th"]
[Site "Lignano Sabbiadoro"]
[Date "2019.07.31"]
[Round "6"]
[White "Prete, Alessandro"]
[Black "Migliorini, Matteo"]
[Result "0-1"]
[WhiteElo "2056"]
[BlackElo "2101"]
[PlyCount "128"]
[EventDate "2019.07.27"]
[EventType "swiss"]
[EventRounds "9"]
[EventCountry "ITA"]
[SourceTitle "CBM 191 Extra"]
[Source "ChessBase"]
[SourceDate "2019.09.30"]
[SourceVersion "1"]
[SourceVersionDate "2019.09.30"]
[SourceQuality "1"]

1. e4 c5 2. Nf3 d6 3. d4 cxd4 4. Nxd4 Nf6 5. Nc3 g6 6. Be2 Bg7 7. 0-0 0-0 8. Bg5 Nc6 9. Nb3 a6 10. Re1 b5 11. Bf1 h6 12. Bh4 Bb7 13. f4 Qb6+ 14. Bf2 Qc7 15. a3 e6 16. Nd4 Rad8 17. Nxc6 Qxc6 18. Qf3 Nd7 19. Rad1 Nb6 20. Bd4 Bxd4+ 21. Rxd4 Qc5 22. Qe3 e5 23. fxe5 dxe5 24. Rxd8 Qxe3+ 25. Rxe3 Rxd8 26. Rd3 Rd4 27. Ne2 Rxd3 28. cxd3 Kf8 29. Kf2 Ke7 30. Ke3 f5 31. Nc3 f4+ 32. Kf3 Kf6 33. g3 fxg3 34. Kxg3 Bc8 35. b4 g5 36. Kf3 h5 37. Ke3 Be6 38. Nb1 g4 39. Nd2 h4 40. Be2 Kg5 41. Nf1 Nd7 42. Nd2 Nb6 43. Nf1 Bf7 44. Bd1 Na4 45. Bxa4 bxa4 46. Nd2 Bb3 47. Nf1 Bd1 48. Kd2 Bf3 49. Ke3 Bg2 50. Nd2 h3 51. Kf2 Kf4 52. Nc4 Bf3 53. Nb2 g3+ 54. hxg3+ Kg4 55. Nc4 h2 56. Nxe5+ Kh3 57. Nxf3 h1Q 58. e5 Qa1 59. Ke3 Kxg3 60. Nd4 Qe1+ 61. Ne2+ Kg4 62. d4 Kf5 63. Kd3 Qd1+ 64. Ke3 Qb3+ 0-1

[Event "Lignano Sabbiadoro op 5th"]
[Site "Lignano Sabbiadoro"]
[Date "2019.07.28"]
[Round "3"]
[White "Migliorini, Matteo"]
[Black "Gromovs, Sergejs"]
[Result "0-1"]
[WhiteElo "2101"]
[BlackElo "2154"]
[PlyCount "148"]
[EventDate "2019.07.27"]
[EventType "swiss"]
[EventRounds "9"]
[EventCountry "ITA"]
[SourceTitle "CBM 191 Extra"]
[Source "ChessBase"]
[SourceDate "2019.09.30"]
[SourceVersion "1"]
[SourceVersionDate "2019.09.30"]
[SourceQuality "1"]

1. e4 d6 2. d4 Nf6 3. Nc3 g6 4. h3 Bg7 5. Nf3 0-0 6. Be3 c6 7. a4 Qa5 8. Bd3 Nbd7 9. 0-0 a6 10. Qd2 Re8 11. b4 Qc7 12. Bc4 e6 13. Bf4 e5 14. dxe5 dxe5 15. Bh6 Nb6 16. Bxg7 Kxg7 17. Bb3 Be6 18. Rfd1 Bxb3 19. cxb3 Rad8 20. Qe3 Nbd7 21. Rac1 Qb8 22. Rd2 Nf8 23. Rcd1 Rxd2 24. Rxd2 Ne6 25. g3 Qc7 26. b5 axb5 27. axb5 c5 28. Nd5 Nxd5 29. exd5 Nd4 30. Nxd4 cxd4 31. Rxd4 Qd7 32. Rh4 h5 33. g4 Qd8 34. Qg3 hxg4 35. hxg4 Qxd5 36. g5 Ra8 37. Qc3 Ra2 38. Rh3 Rd2 39. Qf3 Qxf3 40. Rxf3 Rd5 41. Re3 Rxb5 42. Kf1 Kf8 43. Ke2 Ke7 44. Kd2 Kd6 45. Kc3 Rc5+ 46. Kb4 e4 47. Rxe4 Rxg5 48. Kc4 Rf5 49. f4 f6 50. Kd3 Kc5 51. Rc4+ Kb5 52. Rd4 Kc6 53. Re4 Kd6 54. b4 b5 55. Ke3 Rh5 56. Re8 Rh3+ 57. Kd2 Rf3 58. Rd8+ Ke6 59. Rb8 Rxf4 60. Rxb5 g5 61. Ke3 Rf1 62. Rc5 Rb1 63. b5 Rb3+ 64. Kf2 g4 65. Rc6+ Ke5 66. Rc5+ Kf4 67. Rc4+ Kg5 68. Rc5+ f5 69. Kg2 Rb4 70. Kg3 Rb2 71. Rd5 Rb3+ 72. Kg2 Kf4 73. Rc5 Rb2+ 74. Kf1 g3 0-1

[Event "Lignano Sabbiadoro op 5th"]
[Site "Lignano Sabbiadoro"]
[Date "2019.07.28"]
[Round "2"]
[White "Varga, Peter"]
[Black "Migliorini, Matteo"]
[Result "1-0"]
[WhiteElo "2367"]
[BlackElo "2101"]
[PlyCount "81"]
[EventDate "2019.07.27"]
[EventType "swiss"]
[EventRounds "9"]
[EventCountry "ITA"]
[SourceTitle "CBM 191 Extra"]
[Source "ChessBase"]
[SourceDate "2019.09.30"]
[SourceVersion "1"]
[SourceVersionDate "2019.09.30"]
[SourceQuality "1"]

1. d4 Nf6 2. c4 g6 3. Nc3 d5 4. e3 Bg7 5. Qb3 dxc4 6. Bxc4 0-0 7. Nf3 Nc6 8. Bb5 Na5 9. Qa3 c6 10. Be2 Be6 11. b3 b6 12. Bb2 c5 13. dxc5 Nb7 14. c6 Na5 15. Nd4 Bd5 16. Nxd5 Nxd5 17. Rc1 Rc8 18. 0-0 e5 19. Nb5 a6 20. Nd6 Rxc6 21. Nb7 Qc7 22. Nxa5 bxa5 23. Bf3 Rd8 24. Rxc6 Qxc6 25. Qxa5 Qb6 26. Qxb6 Nxb6 27. Rd1 Rxd1+ 28. Bxd1 e4 29. Bxg7 Kxg7 30. Kf1 Nd5 31. Ke1 a5 32. Kd2 Kf6 33. Be2 Ke5 34. Bc4 f5 35. Bxd5 Kxd5 36. h4 Kc5 37. Kc3 Kb5 38. a3 Kc5 39. b4+ axb4+ 40. axb4+ Kb5 41. Kb3 1-0

[Event "Lignano Sabbiadoro op 5th"]
[Site "Lignano Sabbiadoro"]
[Date "2019.07.27"]
[Round "1"]
[White "Migliorini, Matteo"]
[Black "Volodin, Aleksandr"]
[Result "1-0"]
[WhiteElo "2101"]
[BlackElo "2464"]
[PlyCount "95"]
[EventDate "2019.07.27"]
[EventType "swiss"]
[EventRounds "9"]
[EventCountry "ITA"]
[SourceTitle "CBM 191 Extra"]
[Source "ChessBase"]
[SourceDate "2019.09.30"]
[SourceVersion "1"]
[SourceVersionDate "2019.09.30"]
[SourceQuality "1"]

1. e4 c5 2. d4 cxd4 3. c3 dxc3 4. Nxc3 Nc6 5. Nf3 e6 6. Bc4 Nf6 7. Qe2 Qc7 8. e5 Ng4 9. Bf4 f6 10. Nb5 Qa5+ 11. Bd2 Qb6 12. exf6 Nxf6 13. Bf4 Bb4+ 14. Kf1 0-0 15. Bc7 Qc5 16. a3 Ne8 17. axb4 Nxb4 18. Be5 a6 19. Bd4 Qe7 20. Nc3 Nc6 21. Be3 Rb8 22. Bb6 d5 23. Bd3 Nf6 24. Re1 Qd6 25. Bd4 Nxd4 26. Nxd4 Bd7 27. h3 Rbe8 28. Qe5 Qb6 29. Re2 Bc8 30. Kg1 Nd7 31. Qh5 Nf6 32. Qe5 Nd7 33. Qh5 g6 34. Bxg6 Nf6 35. Bxh7+ Nxh7 36. Nf3 Qc7 37. Nxd5 Qd8 38. Ne3 Re7 39. Ng4 Rxf3 40. Nh6+ Kg7 41. gxf3 Nf6 42. Qg5+ Kh7 43. Ng4 Rg7 44. Qh4+ Kg8 45. Kg2 e5 46. Rxe5 Qd6 47. Rhe1 Bd7 48. Rg5 1-0

[Event "Lignano Sabbiadoro op 4th"]
[Site "Lignano Sabbiadoro"]
[Date "2018.08.05"]
[Round "9"]
[White "Migliorini, Matteo"]
[Black "Peric, Slavisa"]
[Result "1/2-1/2"]
[WhiteElo "2130"]
[BlackElo "2109"]
[PlyCount "79"]
[EventDate "2018.07.29"]
[EventType "swiss"]
[EventRounds "9"]
[EventCountry "ITA"]
[SourceTitle "CBM 185 Extra"]
[Source "ChessBase"]
[SourceDate "2018.07.29"]
[SourceVersion "1"]
[SourceVersionDate "2018.07.29"]
[SourceQuality "1"]

1. e4 e6 2. d4 d5 3. Bd3 dxe4 4. Bxe4 Nf6 5. Bf3 c5 6. Ne2 Nc6 7. Be3 cxd4 8. Nxd4 Ne5 9. Nc3 a6 10. 0-0 Nc4 11. Qe2 Nxe3 12. Qxe3 Be7 13. Rad1 Qc7 14. Na4 Bd7 15. Qb3 0-0 16. Rfe1 Bd6 17. Nb6 Rad8 18. g3 Bc5 19. Nxd7 Rxd7 20. Ne2 Rfd8 21. Nf4 Rxd1 22. Rxd1 Rxd1+ 23. Bxd1 b5 24. Qf3 Qa7 25. Nd3 Bb6 26. Qc6 g6 27. Bf3 Kg7 28. Kg2 Nd7 29. Qb7 Nc5 30. Nxc5 Bxc5 31. Qxa7 Bxa7 32. b4 Bb6 33. c3 a5 34. Bc6 axb4 35. cxb4 Bd4 36. Bxb5 Bc3 37. a3 Bb2 38. a4 Bc3 39. a5 Bxb4 40. a6 1/2-1/2

[Event "Lignano Sabbiadoro op 4th"]
[Site "Lignano Sabbiadoro"]
[Date "2018.08.02"]
[Round "6"]
[White "Sgnaolin, Davide"]
[Black "Migliorini, Matteo"]
[Result "0-1"]
[WhiteElo "2267"]
[BlackElo "2130"]
[PlyCount "96"]
[EventDate "2018.07.29"]
[EventType "swiss"]
[EventRounds "9"]
[EventCountry "ITA"]
[SourceTitle "CBM 185 Extra"]
[Source "ChessBase"]
[SourceDate "2018.07.29"]
[SourceVersion "1"]
[SourceVersionDate "2018.07.29"]
[SourceQuality "1"]

1. Nf3 c5 2. b3 d5 3. Bb2 Nc6 4. e3 Nf6 5. Bb5 Qb6 6. a4 Bg4 7. h3 Bh5 8. g4 Bg6 9. Ne5 e6 10. d3 Bd6 11. Bxc6+ bxc6 12. Nd2 Rd8 13. Qe2 c4 14. dxc4 Bxc2 15. Rc1 Bxb3 16. Nxb3 Bxe5 17. Bxe5 Qxb3 18. 0-0 0-0 19. Bxf6 gxf6 20. Qf3 Kg7 21. cxd5 cxd5 22. Qf4 d4 23. exd4 Qxa4 24. Ra1 Qxd4 25. Qxd4 Rxd4 26. Rxa7 Rfd8 27. Rc1 Rd1+ 28. Rxd1 Rxd1+ 29. Kg2 Rd5 30. Kg3 f5 31. Ra8 Rd3+ 32. Kg2 f4 33. Ra5 f6 34. Ra4 e5 35. Ra7+ Kg6 36. Ra8 h5 37. gxh5+ Kxh5 38. Rg8 f5 39. Rh8+ Kg6 40. Rg8+ Kf7 41. Ra8 e4 42. Ra6 Rd8 43. Ra7+ Kf6 44. Ra6+ Kg5 45. Ra5 Rg8 46. Kf1 f3 47. Ra7 Rh8 48. Rg7+ Kf4 0-1

[Event "Palmanova op 6th"]
[Site "Palmanova"]
[Date "2017.12.09"]
[Round "4"]
[White "Migliorini, Matteo"]
[Black "Zanini, Giuseppe"]
[Result "1/2-1/2"]
[WhiteElo "2176"]
[BlackElo "1996"]
[PlyCount "95"]
[EventDate "2017.12.07"]
[EventType "swiss"]
[EventRounds "6"]
[EventCountry "ITA"]
[SourceTitle "CBM 182 Extra"]
[Source "ChessBase"]
[SourceDate "2018.02.23"]
[SourceVersion "1"]
[SourceVersionDate "2018.02.23"]
[SourceQuality "1"]

1. e4 c5 2. d4 cxd4 3. c3 dxc3 4. Nxc3 Nc6 5. Nf3 d6 6. Bc4 a6 7. 0-0 Nf6 8. Bf4 Bg4 9. h3 Bxf3 10. Qxf3 e6 11. Rfd1 Qb8 12. Be2 Be7 13. Qg3 e5 14. Be3 0-0 15. Bh6 Ne8 16. Nd5 Bd8 17. Rac1 Kh8 18. Be3 Nf6 19. Nxf6 Bxf6 20. Bg4 Qd8 21. Bc5 Nd4 22. Bxd4 exd4 23. Qb3 Re8 24. Qxb7 h5 25. Bxh5 Rb8 26. Qxf7 Rxe4 27. Re1 Re5 28. Bg6 Rc8 29. Rcd1 Qa5 30. Rxe5 dxe5 31. Qe6 Rd8 32. Qg4 Qxa2 33. Bf5 Qf7 34. Rc1 d3 35. Bg6 Qd7 36. Qh5+ Kg8 37. Rd1 e4 38. Bxe4 d2 39. Bb1 Qe6 40. Qa5 Kf8 41. Ba2 Qe5 42. Qa3+ Qe7 43. Qa5 Bxb2 44. g3 Bc1 45. Qh5 Qf6 46. Qc5+ Qe7 47. Qh5 Qf6 48. Qc5+ 1/2-1/2

[Event "Kaltern Trophy-A 2nd"]
[Site "Kaltern"]
[Date "2017.10.29"]
[Round "4"]
[White "Migliorini, Matteo"]
[Black "Moser, Gabriele"]
[Result "1-0"]
[WhiteElo "2175"]
[BlackElo "1885"]
[PlyCount "71"]
[EventDate "2017.10.27"]
[EventType "swiss"]
[EventRounds "5"]
[EventCountry "ITA"]
[SourceTitle "CBM 181 Extra"]
[Source "ChessBase"]
[SourceDate "2017.12.12"]
[SourceVersion "1"]
[SourceVersionDate "2017.12.12"]
[SourceQuality "1"]

1. e4 c6 2. c4 d5 3. exd5 cxd5 4. cxd5 Qxd5 5. Nc3 Qd8 6. Nf3 Nc6 7. Bc4 e6 8. d4 Nf6 9. 0-0 Be7 10. a3 a6 11. Qd3 b5 12. Bb3 Bb7 13. Re1 0-0 14. Bc2 Re8 15. d5 exd5 16. Bg5 g6 17. Rxe7 Qxe7 18. Nxd5 Nxd5 19. Bxe7 Ndxe7 20. Qd7 Rab8 21. Bb3 Red8 22. Qg4 Rd3 23. Bc2 Rd5 24. Rd1 Rbd8 25. Rxd5 Rxd5 26. h4 Ne5 27. Nxe5 Rxe5 28. Qd7 Re1+ 29. Kh2 Bc8 30. Qe8+ Kg7 31. Bb3 f5 32. Qf7+ Kh6 33. Qf8+ Kh5 34. Qf6 h6 35. Qd6 g5 36. Bf7+ 1-0

[Event "Biella op 8th"]
[Site "Biella"]
[Date "2017.09.23"]
[Round "2"]
[White "Migliorini, Matteo"]
[Black "Agnello, Francesco Claudio"]
[Result "1/2-1/2"]
[WhiteElo "2164"]
[BlackElo "2090"]
[PlyCount "54"]
[EventDate "2017.09.22"]
[EventType "swiss"]
[EventRounds "5"]
[EventCountry "ITA"]
[SourceTitle "CBM 180 Extra"]
[Source "ChessBase"]
[SourceDate "2017.10.06"]
[SourceVersion "1"]
[SourceVersionDate "2017.10.06"]
[SourceQuality "1"]

1. e4 c5 2. d4 cxd4 3. c3 dxc3 4. Nxc3 Nc6 5. Nf3 d6 6. Bc4 a6 7. 0-0 Nf6 8. Bf4 Bg4 9. h3 Bh5 10. Qb3 Qd7 11. Be2 Bxf3 12. Bxf3 Nd4 13. Qd1 e5 14. Bg5 Be7 15. Bxf6 Bxf6 16. Bg4 Ne6 17. Nd5 Bd8 18. f4 h5 19. Bxh5 Nxf4 20. Nxf4 exf4 21. Bg4 Qb5 22. Rxf4 Bf6 23. Kh1 Qxb2 24. Rb1 Qd4 25. Qxd4 Bxd4 26. Rxb7 0-0 27. Rf1 Ra7 1/2-1/2

[Event "Lignano Sabbiadoro op 3rd"]
[Site "Lignano Sabbiadoro"]
[Date "2017.08.05"]
[Round "8"]
[White "Migliorini, Matteo"]
[Black "Ventura Bolet, Alexandre"]
[Result "1-0"]
[WhiteElo "2164"]
[BlackElo "2080"]
[PlyCount "37"]
[EventDate "2017.07.30"]
[EventType "swiss"]
[EventRounds "9"]
[EventCountry "ITA"]
[SourceTitle "CBM 179 Extra"]
[Source "ChessBase"]
[SourceDate "2017.08.23"]
[SourceVersion "1"]
[SourceVersionDate "2017.08.23"]
[SourceQuality "1"]

1. e4 Nf6 2. e5 Nd5 3. c4 Nb6 4. b3 g6 5. Qf3 e6 6. Nc3 d6 7. Ne4 Bg7 8. d4 h6 9. exd6 c5 10. Bb2 Nc6 11. d7+ Qxd7 12. Nf6+ Bxf6 13. Qxf6 0-0 14. dxc5 e5 15. Be2 Rd8 16. Nf3 Nd4 17. Nxd4 exd4 18. cxb6 Re8 19. Bxd4 1-0

[Event "Lignano Sabbiadoro op 3rd"]
[Site "Lignano Sabbiadoro"]
[Date "2017.08.04"]
[Round "7"]
[White "D'Alfonso, Nicola"]
[Black "Migliorini, Matteo"]
[Result "0-1"]
[WhiteElo "2046"]
[BlackElo "2164"]
[PlyCount "64"]
[EventDate "2017.07.30"]
[EventType "swiss"]
[EventRounds "9"]
[EventCountry "ITA"]
[SourceTitle "CBM 179 Extra"]
[Source "ChessBase"]
[SourceDate "2017.08.23"]
[SourceVersion "1"]
[SourceVersionDate "2017.08.23"]
[SourceQuality "1"]

1. e4 c5 2. Nf3 d6 3. Bb5+ Bd7 4. Bxd7+ Nxd7 5. 0-0 g6 6. c3 Bg7 7. d4 e6 8. Qe2 Ne7 9. Bg5 0-0 10. Rd1 cxd4 11. cxd4 h6 12. Bh4 g5 13. Bg3 d5 14. h4 dxe4 15. Qxe4 Nf5 16. Nc3 gxh4 17. Be5 Nxe5 18. dxe5 Qb6 19. Qg4 Rad8 20. Ne4 Kh8 21. Nxh4 Nxh4 22. Qxh4 Rd4 23. Re1 Qb4 24. a3 Qxb2 25. f4 Rxe4 26. Rxe4 Qxa1+ 27. Kf2 Rc8 28. Re3 Qd4 29. Kf3 Qd1+ 30. Kg3 Qd2 31. Kf3 Rc2 32. Qg3 Qd1+ 0-1

[Event "Lignano Sabbiadoro op 3rd"]
[Site "Lignano Sabbiadoro"]
[Date "2017.08.02"]
[Round "5"]
[White "Szep, Attila"]
[Black "Migliorini, Matteo"]
[Result "0-1"]
[WhiteElo "2049"]
[BlackElo "2164"]
[PlyCount "58"]
[EventDate "2017.07.30"]
[EventType "swiss"]
[EventRounds "9"]
[EventCountry "ITA"]
[SourceTitle "CBM 179 Extra"]
[Source "ChessBase"]
[SourceDate "2017.08.23"]
[SourceVersion "1"]
[SourceVersionDate "2017.08.23"]
[SourceQuality "1"]

1. e4 c5 2. c3 Nf6 3. e5 Nd5 4. Nf3 e6 5. d4 cxd4 6. Nxd4 d6 7. Bb5+ Bd7 8. Bxd7+ Nxd7 9. exd6 Bxd6 10. 0-0 0-0 11. Nd2 N7f6 12. Re1 Rc8 13. Qf3 a6 14. Ne4 Bb8 15. Bg5 Qc7 16. g3 Nd7 17. Qh5 b5 18. Rac1 Ne5 19. Nf6+ Nxf6 20. Bxf6 gxf6 21. f4 Nd3 22. f5 Nxe1 23. Rxe1 Ba7 24. Re4 Bxd4+ 25. Rxd4 Qc5 26. Qh4 Qxf5 27. Rf4 Rc4 28. Rxc4 bxc4 29. Qxc4 Qb1+ 0-1

[Event "Lignano Sabbiadoro op 3rd"]
[Site "Lignano Sabbiadoro"]
[Date "2017.07.31"]
[Round "3"]
[White "Migliorini, Matteo"]
[Black "Sponchiado, Dario"]
[Result "1/2-1/2"]
[WhiteElo "2164"]
[BlackElo "1934"]
[PlyCount "83"]
[EventDate "2017.07.30"]
[EventType "swiss"]
[EventRounds "9"]
[EventCountry "ITA"]
[SourceTitle "CBM 179 Extra"]
[Source "ChessBase"]
[SourceDate "2017.08.23"]
[SourceVersion "1"]
[SourceVersionDate "2017.08.23"]
[SourceQuality "1"]

1. e4 e6 2. d4 d5 3. Bd3 c5 4. exd5 exd5 5. Bb5+ Bd7 6. Bxd7+ Qxd7 7. Nf3 Nc6 8. 0-0 0-0-0 9. Nc3 f6 10. Ne2 g5 11. dxc5 Bxc5 12. Nfd4 Nge7 13. Be3 Bd6 14. Rc1 Ne5 15. c4 dxc4 16. f4 Ng4 17. Rxc4+ Kb8 18. Bd2 Nd5 19. Qb3 Nb6 20. Rc2 Rc8 21. Rfc1 gxf4 22. Qe6 Rxc2 23. Rxc2 Re8 24. Qxd7 Nxd7 25. h3 Ne3 26. Rc1 Bc5 27. b4 Bb6 28. Kh1 Re4 29. Nb5 a6 30. Rc8+ Kxc8 31. Nd6+ Kd8 32. Nxe4 f3 33. gxf3 Nd5 34. Nf4 Nxf4 35. Bxf4 Bd4 36. Nd6 b6 37. Kg2 Ne5 38. b5 axb5 39. Nxb5 Bc5 40. Nc3 Nd3 41. Bg3 Bd4 42. Nb5 1/2-1/2

[Event "Arco Christmas op 7th"]
[Site "Arco"]
[Date "2016.12.29"]
[Round "5"]
[White "Calavalle, Giulio"]
[Black "Migliorini, Matteo"]
[Result "1-0"]
[WhiteElo "2237"]
[BlackElo "2138"]
[PlyCount "59"]
[EventDate "2016.12.26"]
[EventType "swiss"]
[EventRounds "7"]
[EventCountry "ITA"]
[SourceTitle "CBM 176 Extra"]
[Source "ChessBase"]
[SourceDate "2017.03.02"]
[SourceVersion "1"]
[SourceVersionDate "2017.03.02"]
[SourceQuality "1"]

1. e4 c5 2. Nc3 Nc6 3. Bc4 d6 4. d3 g6 5. Nge2 Bg7 6. 0-0 e6 7. a4 Nge7 8. Bg5 h6 9. Bh4 0-0 10. f4 Qe8 11. Bf2 f5 12. Bb3 b6 13. d4 Kh7 14. Nb5 Qd8 15. e5 Nxd4 16. Bxd4 cxd4 17. Nxd6 g5 18. Nxd4 gxf4 19. Nxc8 Qxc8 20. Nxe6 Re8 21. Qh5 Qc6 22. Qf7 Rg8 23. Qxe7 Rae8 24. Qd6 Qxg2+ 25. Kxg2 Bxe5+ 26. Kf3 Bxd6 27. Rg1 Rg6 28. Rae1 Reg8 29. Rxg6 Rxg6 30. Rd1 1-0

[Event "Arco Christmas op 7th"]
[Site "Arco"]
[Date "2016.12.28"]
[Round "4"]
[White "Migliorini, Matteo"]
[Black "Sanna, Raul"]
[Result "1-0"]
[WhiteElo "2138"]
[BlackElo "1528"]
[PlyCount "43"]
[EventDate "2016.12.26"]
[EventType "swiss"]
[EventRounds "7"]
[EventCountry "ITA"]
[SourceTitle "CBM 176 Extra"]
[Source "ChessBase"]
[SourceDate "2017.03.02"]
[SourceVersion "1"]
[SourceVersionDate "2017.03.02"]
[SourceQuality "1"]

1. e4 d5 2. exd5 Nf6 3. c4 c6 4. Nc3 cxd5 5. cxd5 Nxd5 6. Nf3 e6 7. Bc4 Nb6 8. Bb3 Be7 9. d4 Bf6 10. 0-0 0-0 11. Ne4 Be7 12. Qd3 N8d7 13. Nfg5 h6 14. Nf3 Nd5 15. Re1 Nb4 16. Qb5 a6 17. Qh5 Nf6 18. Nxf6+ Bxf6 19. Re4 Nc6 20. Bxh6 gxh6 21. Rg4+ Bg5 22. Nxg5 1-0